000 00534nam a2200169Ia 4500
008 110201s9999 xx 000 0 und d
082 _bB2326
_aK 1219
100 _aबोरकर लक्ष्मीदास
245 _aबुमरँग
260 _bश्रीरंग प्रकाशन
365 _b10
600 _aबोरकर लक्ष्मीदास
630 _aबुमरँग
700 _aबोरकर लक्ष्मीदास
730 _aबुमरँग
942 _cBOOK
999 _c829381
_d829378